000 00327nam a22001337a 4500
003 OSt
005 20140311163159.0
008 140227t xxu||||| |||| 00| 0 eng d
050 _aTT 505
_b.B341 1996
245 _aUniverse of Fashion:
_bChanel
300 _a79 p. :
_bill. col. ;
_c22 cm.
942 _2lcc
_cBK-GR
999 _c42444
_d42444